Statystyki dla Państwa: Piosenka Yakko Warner.

Kliknij tutaj aby rozwiązać quiz!

Ogólne statystyki

  • Ten quiz został rozwiązany 25 razy
  • Średni wynik to 56 z 139

Statystyki odpowiedzi

Odpowiedzi% Poprawnych
Stany Zjednoczone
100%
Kanada
100%
Meksyk
95%
Kuba
85%
Haiti
80%
Jamajka
80%
Dominikana
80%
Panama
80%
Peru
75%
Dania
70%
Belize
70%
Honduras
65%
Gwatemala
65%
Kostaryka
65%
Chile
60%
Nikaragua
60%
Brazylia
60%
Norwegia
60%
Ekwador
60%
Salwador
60%
Boliwia
60%
Gujana
60%
Wenezuela
60%
Argentyna
60%
Kolumbia
60%
Polska
55%
Niemcy
55%
Szwecja
55%
Francja
55%
Barbados
50%
Albania
50%
Surinam
50%
Finlandia
50%
Urugwaj
50%
Hiszpania
50%
Austria
50%
Paragwaj
50%
Włochy
50%
Portugalia
50%
Anglia
45%
Arabia Saudyjska
45%
Rosja
45%
Turcja
45%
Czechosłowacja
45%
Rumunia
45%
Szwajcaria
45%
Islandia
45%
Trynidad i Tobago
45%
Malezja
40%
Kambodża
40%
Bhutan
40%
Indonezja
40%
Afganistan
40%
Pakistan
40%
Indie
40%
Nowa Zelandia
40%
Laos
40%
Belgia
40%
Grecja
40%
Mongolia
40%
Irak
40%
Bahamy
40%
Japonia
40%
Irlandia
40%
Australia
40%
Węgry
40%
Cypr
40%
Iran
40%
Syria
40%
Liban
40%
Kuwejt
40%
Dżibuti
35%
Tajwan
35%
Filipiny
35%
Jugosławia
35%
Kongo
35%
Egipt
35%
Ghana
35%
Maroko
35%
Birma
35%
Holandia
35%
Bahrajn
35%
Oman
35%
Nepal
35%
Tajlandia
35%
Bułgaria
35%
Luksemburg
35%
Oba Jemeny
35%
Jordania
35%
Chiny
35%
Malawi
30%
Togo
30%
Niger
30%
Nigeria
30%
Korea
30%
Izrael
30%
Zair
30%
Etiopia
30%
Katar
30%
Burundi
30%
Czad
30%
Bangladesz
30%
Sri Lanka
30%
Mozambik
30%
Botswana :)
30%
Sudan
25%
Kenia
25%
Mauretania
25%
Nowa Gwinea
25%
Rwanda
25%
Wietnam
25%
Tunezja
25%
Libia
25%
Gwinea
25%
Mali
25%
Senegal
25%
Somalia
25%
Angola
25%
Liberia
25%
Fidżi
20%
Lesotho
20%
Suazi
20%
Zimbabwe
20%
Algieria
20%
Uganda
20%
Benin
20%
Gabon
20%
Namibia
20%
Kamerun
15%
Gwinea Bissau
15%
Tanzania
15%
Monako
15%
Sierra Leone
15%
Gambia
15%
Madagaskar
15%
Zambia
10%
Liechtenstein
10%
Malta
10%
Transylwania
5%

Rozkład punktacji

Percentyl według liczby udzielonych odpowiedzi

Procent ludzi z każdym wynikiem

Twoja historia wyników

Nie rozwiązałeś tego quizu